| 000 | 00471nam a22001937a 4500 | ||
|---|---|---|---|
| 003 | MPLRDC | ||
| 005 | 20220104182007.0 | ||
| 008 | 210129b ||||| |||| 00| 0 eng d | ||
| 020 | _a967-65-1830-1 | ||
| 082 | _a868.7 AYI c.2 | ||
| 100 | _aKHAIRUDDIN AYIP | ||
| 245 |
_aKATA SEMAHAL MUTIARA _c |
||
| 250 | _a再版 | ||
| 260 |
_a _bFAJAR BAKTI _c1992 |
||
| 300 | _b平 | ||
| 490 | _aSIRA BACAAN KBSM FAJAR BAKTI, TING. 2 | ||
| 650 | _a | ||
| 942 |
_cBK _o868.7 AYI c.2 |
||
| 999 |
_c61741 _d61731 |
||